| 000 | 00692nam a22002177a 4500 | ||
|---|---|---|---|
| 005 | 20170912110911.0 | ||
| 008 | 170912b xxu||||| |||| 00| 0 eng d | ||
| 010 | _aENG-120257 | ||
| 020 |
_a9780198070092 _c345.00 |
||
| 020 |
_a198070098 _c345.00 |
||
| 035 | _aEN-103789 | ||
| 037 | _bDBAD/PUB | ||
| 082 | _a330.95405 | ||
| 100 | _aMihir Rakshit | ||
| 245 |
_aMacroeconomics of post-reform India / _cby _bselected papers / |
||
| 260 |
_aNew Delhi _bOxford University Press _c2011 |
||
| 270 |
_aYMCA Library Building.1 Jai Singh Road, _bNew Delhi _e110001 |
||
| 300 |
_a1-vol-(xi,271p.) _c22cm(pbk) |
||
| 500 | _aIncludes index | ||
| 942 |
_2ddc _cEN _mMIH _h330.95405 |
||
| 999 |
_c144339 _d144339 |
||